Geografický informačný systém inteligentného verejného osvetlenia

Na minha lista:
Detalhes bibliográficos
Autor principal: Pružinec, Filip (Author)
Outros Autores: Ďuračiová, Renata (Thesis advisor)
Formato: Manuscrito Livro
Idioma:eslovaco
Publicado em: 2018
Assuntos:
Acesso em linha:http://is.stuba.sk/zp/portal_zp.pl?podrobnosti=139406
https://opac.crzp.sk/?fn=detailBiblioForm&sid=7748F8ABF7A423EAE572DB3BD0B0
Tags: Adicionar Tag
Sem tags, seja o primeiro a adicionar uma tag!

MARC

LEADER 00000ntm a22000003a 4500
001 stuzp68605
003 SK-STU
005 20230628135721.7
007 ta
008 150427s2015----xo-----f-mn---000-0-slo-d
040 |a STU  |b slo 
041 0 |a slo 
100 1 |a Pružinec, Filip  |u 010130  |4 aut  |U SvF Stavebná fakulta  |T SvF Katedra geodetických základov  |X 62908  |U V130  |Y 13  |7 62908 
242 0 1 |a Geographical information system for smart public lighting  |y eng 
245 1 0 |a Geografický informačný systém inteligentného verejného osvetlenia 
260 |c 2018 
650 4 |a Geografický informačný systém  |2 slo 
650 4 |a Inteligentné verejné osvetlenie  |2 slo 
650 4 |a Webová aplikácia  |2 slo 
650 4 |a Intelligent public lighting system  |2 eng 
650 4 |a Web application  |2 eng 
650 4 |a Geographic information system  |2 eng 
700 1 |a Ďuračiová, Renata  |u 010130  |k Z1  |4 ths  |U SvF Stavebná fakulta  |T SvF Katedra geodetických základov  |X 950  |U V130  |Y 13  |7 A000000950 
856 4 |u http://is.stuba.sk/zp/portal_zp.pl?podrobnosti=139406 
856 4 |u https://opac.crzp.sk/?fn=detailBiblioForm&sid=7748F8ABF7A423EAE572DB3BD0B0